000 00286nam a22001337a 4500
008 170302b xxu||||| |||| 00| 0 eng d
020 _a9780321524041
041 _aeng
080 _29TH
_a575
100 _a6
101 _aSHM
245 _aCONCEPTS OF GENETICS
_cKLUG
942 _2udc
_cBK
999 _c6583
_d6583